[Event "Santiago Endesa 01"]
[Site "Santiago de Chile"]
[Date "2010.05.26"]
[Round "10"]
[White "Cortes Moyano, Julio"]
[Black "Romero Pino, Claudio"]
[Result "0-1"]
[WhiteElo "2203"]
[BlackElo "2247"]
[PlyCount "122"]
[EventDate "2010.05.03"]
[EventType "tourn"]
[EventRounds "11"]
[EventCountry "CHI"]
[SourceTitle "EXT 2012"]
[Source "ChessBase"]
[SourceDate "2011.11.24"]
[SourceVersion "1"]
[SourceVersionDate "2011.11.24"]
[SourceQuality "1"]

1. e4 c5 2. c4 d6 3. Ne2 e6 4. Nbc3 Nf6 5. d4 cxd4 6. Nxd4 a6 7. Be2 Qc7 8. Be3 Be7 9. 0-0 0-0 10. Rc1 Re8 11. f4 Bf8 12. b4 Nc6 13. a3 Nxd4 14. Bxd4 b6 15. e5 Nd7 16. Bf3 Rb8 17. Qe2 Bb7 18. Ne4 dxe5 19. fxe5 Nxe5 20. Bh5 Bxe4 21. Bxe5 Qxe5 22. Bxf7+ Kh8 23. Bxe8 Rxe8 24. Rcd1 Bd6 25. Rxd6 Qxd6 26. Qxe4 h6 27. Re1 Kg8 28. h3 a5 29. Qe5 Qxe5 30. Rxe5 axb4 31. axb4 Kf7 32. Kf2 Rc8 33. Re4 e5 34. Ke2 Kf6 35. Kd3 h5 36. Re2 Ke6 37. Kc3 Kf5 38. Kd3 Ke6 39. Rc2 Rd8+ 40. Kc3 Rc8 41. Rd2 g5 42. b5 h4 43. Rf2 Rd8 44. Ra2 Kf5 45. Ra6 e4 46. Ra7 Kf4 47. Rf7+ Kg3 48. Rg7 e3 49. Rxg5+ Kf2 50. Rf5+ Kxg2 51. c5 bxc5 52. Rxc5 Re8 53. Rg5+ Kxh3 54. Rg1 Kh2 55. Rc1 h3 56. b6 Kg2 57. b7 Kf2 58. Rh1 e2 59. Rh2+ Kf1 60. Rh1+ Kg2 61. Re1 Kf2 0-1

[Event "Santiago Endesa 01"]
[Site "Santiago de Chile"]
[Date "2010.05.19"]
[Round "8"]
[White "Cuevas Araya, Walter"]
[Black "Romero Pino, Claudio"]
[Result "1/2-1/2"]
[WhiteElo "2213"]
[BlackElo "2247"]
[PlyCount "70"]
[EventDate "2010.05.03"]
[EventType "tourn"]
[EventRounds "11"]
[EventCountry "CHI"]
[SourceTitle "EXT 2012"]
[Source "ChessBase"]
[SourceDate "2011.11.24"]
[SourceVersion "1"]
[SourceVersionDate "2011.11.24"]
[SourceQuality "1"]

1. e4 c5 2. Nf3 d6 3. Bb5+ Nd7 4. 0-0 Ngf6 5. Re1 e6 6. d4 cxd4 7. Nxd4 Be7 8. Nc3 0-0 9. Bf1 a6 10. Be3 Qc7 11. f4 b5 12. Bf2 b4 13. Na4 Nc5 14. Nxc5 dxc5 15. Nb3 Qxf4 16. Bg3 Qg5 17. e5 Nd5 18. Bd3 a5 19. Nd2 Bb7 20. Ne4 Qh6 21. Qg4 c4 22. Bf1 Ne3 23. Qf3 Nxc2 24. Bxc4 Bxe4 25. Qxe4 Nxa1 26. Rxa1 Rad8 27. Bf2 Qd2 28. b3 Qb2 29. Rf1 Rc8 30. Kh1 Bc5 31. Bg3 Bd4 32. h3 Qc3 33. Bf4 a4 34. Rc1 Qb2 35. Rb1 Qc3 1/2-1/2

[Event "Santiago Endesa 01"]
[Site "Santiago de Chile"]
[Date "2010.05.10"]
[Round "4"]
[White "Carrasco Miranda, Andres"]
[Black "Romero Pino, Claudio"]
[Result "1-0"]
[WhiteElo "2194"]
[BlackElo "2247"]
[PlyCount "131"]
[EventDate "2010.05.03"]
[EventType "tourn"]
[EventRounds "11"]
[EventCountry "CHI"]
[SourceTitle "EXT 2012"]
[Source "ChessBase"]
[SourceDate "2011.11.24"]
[SourceVersion "1"]
[SourceVersionDate "2011.11.24"]
[SourceQuality "1"]

1. Nf3 d5 2. d4 Nf6 3. c4 c6 4. Qb3 dxc4 5. Qxc4 Bg4 6. Nc3 e6 7. e3 Nbd7 8. Qb3 Qb6 9. Be2 Qxb3 10. axb3 Be7 11. 0-0 0-0 12. e4 h6 13. Be3 a6 14. Rfd1 Bb4 15. Ne5 Nxe5 16. dxe5 Bxc3 17. Bxg4 Nxg4 18. bxc3 Nxe3 19. fxe3 Rfd8 20. b4 Kf8 21. Rd4 Ke7 22. Kf2 f6 23. Ra5 b6 24. exf6+ gxf6 25. Rh5 Rxd4 26. exd4 a5 27. bxa5 bxa5 28. Rxh6 a4 29. e5 fxe5 30. dxe5 Kf7 31. Rf6+ Kg7 32. Ke3 a3 33. Rf1 a2 34. Ra1 Kg6 35. Kd3 Kf5 36. Kc4 Kxe5 37. Kb3 Kd5 38. Rxa2 Rb8+ 39. Kc2 c5 40. Kd3 Rb3 41. Rd2 c4+ 42. Ke3+ Ke5 43. Rc2 Ra3 44. g4 Rb3 45. h4 Rb1 46. Re2 Rd1 47. Kf3+ Kf6 48. Ke4 Rh1 49. Rf2+ Ke7 50. h5 Rg1 51. Rf4 Kd6 52. h6 e5 53. h7 Rh1 54. Rf7 Ke6 55. Rg7 Kf6 56. Rc7 Kg5 57. Kxe5 Kxg4 58. Rxc4+ Kg5 59. Rc7 Kg6 60. c4 Re1+ 61. Kd6 Rd1+ 62. Kc6 Rh1 63. c5 Rh2 64. Rd7 Kf6 65. Kc7 Ke6 66. c6 1-0

[Event "Santiago Endesa 01"]
[Site "Santiago de Chile"]
[Date "2010.05.05"]
[Round "2"]
[White "Diaz Villagran, Robert"]
[Black "Romero Pino, Claudio"]
[Result "1-0"]
[WhiteElo "2330"]
[BlackElo "2247"]
[PlyCount "54"]
[EventDate "2010.05.03"]
[EventType "tourn"]
[EventRounds "11"]
[EventCountry "CHI"]
[SourceTitle "EXT 2012"]
[Source "ChessBase"]
[SourceDate "2011.11.24"]
[SourceVersion "1"]
[SourceVersionDate "2011.11.24"]
[SourceQuality "1"]

1. e4 c5 2. c3 d5 3. exd5 Qxd5 4. d4 Nc6 5. Nf3 e6 6. Be2 Nf6 7. 0-0 Be7 8. Na3 0-0 9. Nc2 b6 10. dxc5 Bxc5 11. Ne3 Qxd1 12. Rxd1 Bb7 13. b4 Be7 14. Bb2 Rad8 15. a3 Rxd1+ 16. Bxd1 Rd8 17. Bc2 Nd5 18. Nxd5 Rxd5 19. c4 Rd8 20. Bc3 Nb8 21. Ne1 Nd7 22. Rd1 Nf6 23. Rxd8+ Bxd8 24. Be5 Nd7 25. Bd6 Bf6 26. Nd3 Bd4 27. Ba4 Ba6 1-0

[Event "American Continental 06th"]
[Site "Sao Paulo"]
[Date "2009.07.30"]
[Round "7"]
[White "Romero Pino, Claudio"]
[Black "Condori Aranya, Edwin"]
[Result "1/2-1/2"]
[WhiteElo "2299"]
[BlackElo "2160"]
[PlyCount "122"]
[EventDate "2009.07.25"]
[EventType "swiss"]
[EventRounds "11"]
[EventCountry "BRA"]
[SourceTitle "EXT 2022"]
[Source "ChessBase"]
[SourceDate "2021.10.06"]
[SourceVersion "1"]
[SourceVersionDate "2021.10.06"]
[SourceQuality "1"]

1. d4 Nf6 2. c4 g6 3. Nc3 Bg7 4. e4 d6 5. Be2 0-0 6. Nf3 e5 7. d5 a5 8. Bg5 h6 9. Bh4 Na6 10. Nd2 Qe8 11. a3 Bd7 12. b3 g5 13. Bg3 Nxe4 14. Ndxe4 f5 15. 0-0 fxe4 16. Nxe4 b6 17. Bg4 Qc8 18. Bxd7 Qxd7 19. f3 Nc5 20. b4 Nxe4 21. fxe4 Rxf1+ 22. Kxf1 Qf7+ 23. Kg1 Qg6 24. bxa5 Rxa5 25. Qd3 Ra8 26. h3 Qe8 27. Be1 Qa4 28. Bb4 Rf8 29. Qd1 Qe8 30. a4 Qg6 31. Qe2 Rf4 32. Re1 h5 33. a5 bxa5 34. Bxa5 Rf7 35. Rf1 Bf6 36. Qf3 Kg7 37. Qf5 Qxf5 38. Rxf5 Rd7 39. Rf1 Bd8 40. Rc1 g4 41. c5 Bg5 42. cxd6 cxd6 43. Rc7 Rxc7 44. Bxc7 Be7 45. hxg4 hxg4 46. Kf2 Kg6 47. Ba5 Kh5 48. Bd2 Kg6 49. Ke2 Kf7 50. Bb4 Kg6 51. Kd3 Kf7 52. Ba3 Ke8 53. Bc1 Kf7 54. Be3 Ke8 55. Bf2 Kf7 56. Kc4 Ke8 57. Be3 Kd7 58. Kb5 Bh4 59. Bd2 Be7 60. Kc4 Ke8 61. Kb4 Kd7 1/2-1/2

[Event "American Continental 06th"]
[Site "Sao Paulo"]
[Date "2009.07.28"]
[Round "5"]
[White "Romero Pino, Claudio"]
[Black "Barrientos Chavarriaga, Sergio E"]
[Result "0-1"]
[WhiteElo "2299"]
[BlackElo "2474"]
[PlyCount "54"]
[EventDate "2009.07.25"]
[EventType "swiss"]
[EventRounds "11"]
[EventCountry "BRA"]
[SourceTitle "CBM 132 Extra"]
[Source "ChessBase"]
[SourceDate "2009.11.03"]
[SourceVersion "1"]
[SourceVersionDate "2009.11.03"]
[SourceQuality "1"]

1. d4 Nf6 2. c4 c5 3. d5 e6 4. Nc3 exd5 5. cxd5 d6 6. e4 g6 7. Bf4 a6 8. a4 Bg7 9. Be2 0-0 10. Nf3 Nh5 11. Be3 Nd7 12. Nd2 Nhf6 13. Nc4 Nb6 14. Na3 Re8 15. Qc2 Nxe4 16. Nxe4 Bf5 17. f3 Nxd5 18. Bf2 Nf4 19. g4 Bxe4 20. fxe4 d5 21. 0-0-0 Qg5 22. Be3 Rxe4 23. Bxf4 Qxf4+ 24. Qd2 Qe5 25. Bf3 Rb4 26. Rhe1 Qf6 27. Qc3 Qb6 0-1

[Event "American Continental 06th"]
[Site "Sao Paulo"]
[Date "2009.07.26"]
[Round "2"]
[White "Ehlvest, Jaan"]
[Black "Romero Pino, Claudio"]
[Result "1-0"]
[WhiteElo "2614"]
[BlackElo "2299"]
[PlyCount "67"]
[EventDate "2009.07.25"]
[EventType "swiss"]
[EventRounds "11"]
[EventCountry "BRA"]
[SourceTitle "CBM 132 Extra"]
[Source "ChessBase"]
[SourceDate "2009.11.03"]
[SourceVersion "1"]
[SourceVersionDate "2009.11.03"]
[SourceQuality "1"]

1. d4 Nf6 2. c4 e6 3. Nf3 b6 4. g3 Bb7 5. Bg2 Be7 6. Nc3 Ne4 7. Bd2 0-0 8. d5 exd5 9. cxd5 Nxc3 10. Bxc3 Bf6 11. Rc1 c5 12. dxc6 Nxc6 13. 0-0 Bxc3 14. Rxc3 d5 15. Nd4 Ne5 16. Qd2 Qd7 17. b3 Rac8 18. Rfc1 Rxc3 19. Rxc3 Rc8 20. Rxc8+ Bxc8 21. Nc2 Bb7 22. Nb4 h5 23. h3 Qf5 24. Nxd5 Bxd5 25. Qxd5 Qb1+ 26. Kh2 Qb2 27. Qb5 h4 28. gxh4 Qd4 29. e3 Qb2 30. h5 f6 31. Qe8+ Kh7 32. Be4+ f5 33. Bxf5+ Kh6 34. Kg2 1-0

[Event "CHI-chT"]
[Site "Santiago de Chile"]
[Date "2008.11.25"]
[Round "6"]
[White "Stawizsinski, Rodrigo"]
[Black "Romero Pino, Claudio"]
[Result "1/2-1/2"]
[WhiteElo "2170"]
[BlackElo "2296"]
[PlyCount "232"]
[EventDate "2008.11.04"]
[EventType "team-tourn"]
[EventRounds "9"]
[EventCountry "CHI"]
[SourceTitle "EXT 2012"]
[Source "ChessBase"]
[SourceDate "2011.11.24"]
[SourceVersion "1"]
[SourceVersionDate "2011.11.24"]
[SourceQuality "1"]

1. d4 Nf6 2. c4 e6 3. Nf3 b6 4. e3 Bb7 5. Bd3 Be7 6. 0-0 0-0 7. b3 d6 8. Bb2 Ne4 9. Nbd2 Nxd2 10. Nxd2 Nd7 11. Qc2 h6 12. Rfd1 c5 13. Be4 Qc7 14. Bxb7 Qxb7 15. Qe4 Qxe4 16. Nxe4 Nf6 17. Nc3 Rfd8 18. Rd3 d5 19. cxd5 Nxd5 20. Nxd5 Rxd5 21. e4 Rd7 22. d5 exd5 23. exd5 f5 24. Be5 Kf7 25. Kf1 Bf6 26. f4 Re8 27. Re1 g5 28. g3 gxf4 29. gxf4 b5 30. d6 c4 31. Rd5 Rc8 32. Rxb5 cxb3 33. axb3 Rc2 34. Re2 Rxe2 35. Kxe2 Ke6 36. Kd3 Be7 37. Rc5 Bxd6 38. Rc6 Kd5 39. Rxd6+ Rxd6 40. Bxd6 Kxd6 41. Kd4 a5 42. h3 h5 43. h4 Kc6 44. Ke5 Kb5 45. Kxf5 Kb4 46. Kg5 Kxb3 47. f5 a4 48. f6 a3 49. f7 a2 50. f8Q a1Q 51. Qf7+ Kb4 52. Qf4+ Ka3 53. Kxh5 Qh8+ 54. Kg4 Qg7+ 55. Kh3 Qd7+ 56. Qg4 Qd5 57. h5 Qh1+ 58. Kg3 Qe1+ 59. Kh2 Qf2+ 60. Kh3 Qf1+ 61. Kh4 Qf6+ 62. Kg3 Qe5+ 63. Kh3 Qd5 64. Qg3+ Ka4 65. Qf4+ Ka3 66. h6 Qe6+ 67. Kg3 Qe1+ 68. Kg4 Qe6+ 69. Kg5 Qe7+ 70. Kg6 Qe6+ 71. Qf6 Qg8+ 72. Kf5 Qd5+ 73. Kg6 Qg8+ 74. Kh5 Qd5+ 75. Kg4 Qg2+ 76. Kf4 Qh2+ 77. Kf5 Qh3+ 78. Ke5 Qe3+ 79. Kd6 Qd3+ 80. Ke7 Qe4+ 81. Kf8 Qa8+ 82. Kf7 Qd5+ 83. Qe6 Qf3+ 84. Ke7 Qb7+ 85. Kf8 Qb8+ 86. Kg7 Qc7+ 87. Kf8 Qb8+ 88. Kf7 Qf4+ 89. Kg6 Qg3+ 90. Kf5 Qf2+ 91. Ke5 Qe3+ 92. Kd5 Qd3+ 93. Kc5 Qc3+ 94. Kb5 Qb4+ 95. Ka6 Qa4+ 96. Kb7 Qb5+ 97. Ka7 Qc5+ 98. Qb6 Qe7+ 99. Ka6 Qe2+ 100. Ka7 Qe7+ 101. Ka8 Qf8+ 102. Kb7 Qe7+ 103. Kc6 Qe4+ 104. Kb5 Qd3+ 105. Ka5 Qd2+ 106. Kb5 Qd3+ 107. Kc6 Qe4+ 108. Kd7 Qh7+ 109. Kd8 Qh8+ 110. Kc7 Qh7+ 111. Kb8 Qg8+ 112. Kb7 Qf7+ 113. Ka6 Qc4+ 114. Ka7 Qf7+ 115. Kb8 Qe8+ 116. Kb7 Qd7+ 1/2-1/2

[Event "Santiago Endesa Classification"]
[Site "Santiago de Chile"]
[Date "2008.10.03"]
[Round "7"]
[White "Romero Pino, Claudio"]
[Black "Romero Araya, Diego Alonso"]
[Result "1/2-1/2"]
[WhiteElo "2292"]
[BlackElo "2164"]
[PlyCount "66"]
[EventDate "2008.09.24"]
[EventType "swiss"]
[EventRounds "9"]
[EventCountry "CHI"]
[SourceTitle "EXT 2012"]
[Source "ChessBase"]
[SourceDate "2011.11.24"]
[SourceVersion "1"]
[SourceVersionDate "2011.11.24"]
[SourceQuality "1"]

1. d4 Nf6 2. c4 g6 3. Nc3 Bg7 4. e4 d6 5. Be2 0-0 6. Nf3 e5 7. dxe5 dxe5 8. Qxd8 Rxd8 9. Bg5 Re8 10. 0-0-0 h6 11. Be3 c6 12. h3 Bf8 13. Ne1 Na6 14. Nd3 Nd7 15. Bg4 Nf6 16. Bxc8 Raxc8 17. c5 Nc7 18. b4 Ne6 19. Nb2 b5 20. f3 Rcd8 21. Ne2 Nh7 22. Rxd8 Rxd8 23. Rd1 f5 24. Rxd8 Nxd8 25. Nc3 Kf7 26. a4 a6 27. axb5 axb5 28. Nd3 Ke6 29. Kc2 Nf6 30. Nc1 Kd7 31. g4 fxg4 32. fxg4 Nf7 33. Nd3 Ke6 1/2-1/2

[Event "Santiago Endesa Classification"]
[Site "Santiago de Chile"]
[Date "2008.09.26"]
[Round "3"]
[White "Romero Pino, Claudio"]
[Black "Caurapan Osses, Jaime"]
[Result "1-0"]
[WhiteElo "2292"]
[BlackElo "2154"]
[PlyCount "95"]
[EventDate "2008.09.24"]
[EventType "swiss"]
[EventRounds "9"]
[EventCountry "CHI"]
[SourceTitle "EXT 2012"]
[Source "ChessBase"]
[SourceDate "2011.11.24"]
[SourceVersion "1"]
[SourceVersionDate "2011.11.24"]
[SourceQuality "1"]

1. d4 Nf6 2. c4 g6 3. Nc3 Bg7 4. e4 d6 5. Be2 0-0 6. Nf3 Nc6 7. d5 Nb8 8. 0-0 Nbd7 9. Be3 c5 10. Nd2 a6 11. Qc2 Ne8 12. Rab1 a5 13. Bg4 Ne5 14. Bxc8 Qxc8 15. h3 Nd7 16. f4 Nc7 17. Rbe1 Rb8 18. Bf2 b5 19. Bg3 bxc4 20. Nxc4 Qa6 21. b3 Nb6 22. Nxb6 Rxb6 23. e5 Nb5 24. Nxb5 Qxb5 25. exd6 exd6 26. f5 Re8 27. fxg6 hxg6 28. Rxe8+ Qxe8 29. Re1 Qd8 30. Re4 Rb4 31. Qe2 Rxe4 32. Qxe4 Bd4+ 33. Kh2 Kg7 34. Bf4 Qf6 35. a3 Bf2 36. Bg3 Bxg3+ 37. Kxg3 Qc3+ 38. Qf3 Qe5+ 39. Kf2 Qb2+ 40. Kg1 Qxa3 41. Qc3+ Kg8 42. Qf6 c4 43. bxc4 Qc5+ 44. Kh2 a4 45. h4 a3 46. h5 Qe3 47. Qd8+ Kh7 48. hxg6+ 1-0

[Event "Santiago Endesa 12"]
[Site "Santiago de Chile"]
[Date "2008.07.23"]
[Round "9"]
[White "Romero Pino, Claudio"]
[Black "Stawizsinski, Walter"]
[Result "1-0"]
[WhiteElo "2301"]
[BlackElo "2134"]
[PlyCount "89"]
[EventDate "2008.06.30"]
[EventType "tourn"]
[EventRounds "9"]
[EventCountry "CHI"]
[SourceTitle "EXT 2012"]
[Source "ChessBase"]
[SourceDate "2011.11.24"]
[SourceVersion "1"]
[SourceVersionDate "2011.11.24"]
[SourceQuality "1"]

1. d4 Nf6 2. c4 c6 3. Nc3 d5 4. Nf3 e6 5. Bg5 Be7 6. e3 Nbd7 7. Rc1 h6 8. Bh4 g5 9. Bg3 Ne4 10. Nxe4 dxe4 11. Nd2 f5 12. Qh5+ Kf8 13. Qd1 h5 14. f3 h4 15. Bf2 exf3 16. gxf3 Qa5 17. a3 Nf6 18. Bd3 Bd7 19. e4 Nh5 20. Be3 Rd8 21. Ke2 f4 22. Bf2 a6 23. c5 Qc7 24. Nc4 Be8 25. e5 Ng7 26. Nd6 Bxd6 27. cxd6 Qf7 28. Rg1 Qh5 29. Qb3 b5 30. Be4 Rc8 31. Rg4 Bg6 32. Rxc6 Rxc6 33. Bxc6 Bf5 34. Rg1 Kf7 35. a4 Rb8 36. axb5 g4 37. fxg4 Bxg4+ 38. Bf3 Bxf3+ 39. Qxf3 Qxf3+ 40. Kxf3 Rxb5 41. Kxf4 Nf5 42. Rc1 Rd5 43. Rc5 Rxc5 44. dxc5 Ke8 45. c6 1-0

[Event "Santiago de Chile"]
[Site "Santiago de Chile"]
[Date "2007.10.02"]
[Round "7"]
[White "Romero Pino, Claudio"]
[Black "Llorens Sepulveda, Marcelo"]
[Result "0-1"]
[WhiteElo "2323"]
[BlackElo "2292"]
[PlyCount "80"]
[EventDate "2007.09.26"]
[EventType "tourn"]
[EventRounds "11"]
[EventCountry "CHI"]
[EventCategory "5"]
[SourceTitle "CBM 120 Extra"]
[Source "ChessBase"]
[SourceDate "2007.11.01"]
[SourceVersion "1"]
[SourceVersionDate "2007.11.01"]
[SourceQuality "1"]

1. d4 Nf6 2. c4 c5 3. d5 b5 4. Nf3 bxc4 5. Nc3 g6 6. e4 d6 7. Nd2 Bg7 8. Nxc4 0-0 9. Be2 Nfd7 10. 0-0 Nb6 11. Ne3 a5 12. a4 Na6 13. Rb1 Nb4 14. Bd2 Ba6 15. Bxa6 Rxa6 16. Nb5 Qd7 17. Bc3 Rb8 18. Bxg7 Kxg7 19. b3 Raa8 20. Nc4 Nc8 21. Qd2 Ra6 22. Rbd1 Na7 23. Nc3 Nc8 24. f4 Nb6 25. e5 Nxc4 26. bxc4 Qf5 27. exd6 Rxd6 28. Nb5 Rf6 29. Qe3 Re8 30. Nc7 Rc8 31. Qxe7 Kg8 32. d6 Nc6 33. Qe3 Rd8 34. Rd5 Qd7 35. Nb5 Re8 36. Qxc5 Re2 37. h3 Rfe6 38. Nd4 Nxd4 39. Qxd4 R6e3 40. Re5 Rxg2+ 0-1

[Event "Santiago de Chile"]
[Site "Santiago de Chile"]
[Date "2007.09.28"]
[Round "3"]
[White "Romero Pino, Claudio"]
[Black "Diaz Villagran, Robert"]
[Result "1/2-1/2"]
[WhiteElo "2323"]
[BlackElo "2347"]
[PlyCount "53"]
[EventDate "2007.09.26"]
[EventType "tourn"]
[EventRounds "11"]
[EventCountry "CHI"]
[EventCategory "5"]
[SourceTitle "CBM 120 Extra"]
[Source "ChessBase"]
[SourceDate "2007.11.01"]
[SourceVersion "1"]
[SourceVersionDate "2007.11.01"]
[SourceQuality "1"]

1. d4 Nf6 2. c4 d6 3. Nf3 g6 4. Nc3 Bg7 5. e4 0-0 6. Be2 e5 7. 0-0 Nbd7 8. Be3 exd4 9. Nxd4 Re8 10. Qc2 c6 11. Rad1 Qe7 12. f3 a5 13. Rfe1 Nc5 14. Bf1 Nfd7 15. Qd2 Ne5 16. Nb3 a4 17. Nxc5 dxc5 18. Qc2 a3 19. b3 Be6 20. Na4 Nd7 21. Qc1 Ra5 22. Kh1 Rea8 23. Qd2 h5 24. h3 Ne5 25. Qf2 Nd7 26. Qd2 Ne5 27. Qf2 1/2-1/2

[Event "Santiago de Chile"]
[Site "Santiago de Chile"]
[Date "2007.09.26"]
[Round "1"]
[White "Romero Pino, Claudio"]
[Black "Alonso, Salvador"]
[Result "0-1"]
[WhiteElo "2323"]
[BlackElo "2403"]
[PlyCount "100"]
[EventDate "2007.09.26"]
[EventType "tourn"]
[EventRounds "11"]
[EventCountry "CHI"]
[EventCategory "5"]
[SourceTitle "CBM 120 Extra"]
[Source "ChessBase"]
[SourceDate "2007.11.01"]
[SourceVersion "1"]
[SourceVersionDate "2007.11.01"]
[SourceQuality "1"]

1. d4 d5 2. c4 c6 3. Nf3 Nf6 4. e3 Bf5 5. cxd5 cxd5 6. Qb3 Qb6 7. Qxb6 axb6 8. Nc3 Nc6 9. Bb5 Bd7 10. Bd2 e6 11. 0-0 Bd6 12. Rfc1 Ke7 13. Be2 Ne4 14. Be1 Nxc3 15. Bxc3 f6 16. Ne1 Ra7 17. Nd3 b5 18. a3 Rha8 19. Rab1 Be8 20. Rd1 Ra4 21. Rbc1 R4a7 22. g3 Na5 23. Bb4 Nc4 24. b3 Bxb4 25. axb4 Nd6 26. Rc7+ Bd7 27. Nc5 b6 28. Rxd7+ Rxd7 29. Nxd7 Kxd7 30. Kf1 Ra2 31. Rb1 Ne4 32. Rc1 Nd6 33. Rb1 g5 34. f3 h5 35. Kf2 g4 36. Rh1 Nf5 37. fxg4 hxg4 38. Re1 Nd6 39. Kg1 f5 40. Bd3 Rd2 41. Bf1 Rb2 42. Ra1 Rxb3 43. Ra7+ Kd8 44. Ra6 Rxb4 45. Rxb6 Ke7 46. Ra6 Rb2 47. Ra7+ Kf6 48. Ra6 Ne4 49. Rb6 b4 50. Bd3 Ng5 0-1

[Event "Las Condes zt 2.5"]
[Site "Las Condes"]
[Date "2005.11.07"]
[Round "1"]
[White "Romero Pino, Claudio"]
[Black "Rojas Keim, Luis Alberto"]
[Result "0-1"]
[WhiteElo "2226"]
[BlackElo "2435"]
[PlyCount "74"]
[EventDate "2005.11.07"]
[EventType "swiss"]
[EventRounds "9"]
[EventCountry "CHI"]
[SourceTitle "EXT 2006"]
[Source "ChessBase"]
[SourceDate "2005.11.24"]
[SourceVersion "1"]
[SourceVersionDate "2005.11.24"]
[SourceQuality "1"]

1. d4 Nf6 2. c4 g6 3. Nc3 d5 4. Nf3 Bg7 5. Bg5 c6 6. e3 0-0 7. cxd5 Nxd5 8. Qb3 Nb6 9. Be2 Be6 10. Qc2 Bf6 11. Bxf6 exf6 12. 0-0 N8d7 13. Rfd1 Re8 14. Rac1 Nd5 15. Nxd5 Bxd5 16. Nd2 f5 17. Bf3 Nf6 18. Bxd5 Nxd5 19. Nc4 Re6 20. Ne5 Qe7 21. g3 h5 22. a3 h4 23. Qe2 hxg3 24. hxg3 Kg7 25. Re1 Nf6 26. Qf3 Ne4 27. Kg2 Ng5 28. Qd1 Rd8 29. Qb3 Red6 30. Qc2 Rd5 31. Nf3 Ne4 32. Rcd1 Qe6 33. Ne5 Ng5 34. Nf3 Nxf3 35. Kxf3 c5 36. dxc5 Qc6 37. Rxd5 Rxd5 0-1

[Event "Mayor de Chile op"]
[Site "Santiago de Chile"]
[Date "2005.02.20"]
[Round "7"]
[White "Poupar, Aime"]
[Black "Romero Pino, Claudio"]
[Result "1-0"]
[WhiteElo "2073"]
[BlackElo "2289"]
[PlyCount "81"]
[EventDate "2005.02.14"]
[EventType "swiss"]
[EventRounds "11"]
[EventCountry "CHI"]
[SourceTitle "EXT 2006"]
[Source "ChessBase"]
[SourceDate "2005.11.24"]
[SourceVersion "1"]
[SourceVersionDate "2005.11.24"]
[SourceQuality "1"]

1. d4 Nf6 2. c4 e6 3. Nf3 c5 4. Nc3 a6 5. e3 cxd4 6. Nxd4 Be7 7. Be2 0-0 8. 0-0 Qc7 9. Qc2 d6 10. b3 b6 11. Bb2 Nbd7 12. Rac1 Bb7 13. Rfd1 Rac8 14. Bf3 Bxf3 15. Nxf3 Qb7 16. Qe2 Rc7 17. e4 Rfc8 18. e5 dxe5 19. Nxe5 Nxe5 20. Qxe5 Rc5 21. Qg3 b5 22. cxb5 axb5 23. Ne2 Rxc1 24. Rxc1 Rxc1+ 25. Nxc1 h6 26. Qd3 Nd5 27. Ne2 Qa8 28. Qg3 f6 29. Qg4 Kf7 30. Nd4 f5 31. Nxf5 exf5 32. Qxg7+ Ke6 33. Qe5+ Kd7 34. Qxf5+ Kd8 35. h3 Nc7 36. Be5 Qc6 37. Qf4 Nd5 38. Qd2 Kc8 39. a4 b4 40. Qd3 Nc3 41. Qf5+ 1-0

[Event "Mayor de Chile op"]
[Site "Santiago de Chile"]
[Date "2005.02.17"]
[Round "4"]
[White "Romero Pino, Claudio"]
[Black "Vargas Maliqueo, Ivan Patricio"]
[Result "1-0"]
[WhiteElo "2289"]
[BlackElo "2214"]
[PlyCount "71"]
[EventDate "2005.02.14"]
[EventType "swiss"]
[EventRounds "11"]
[EventCountry "CHI"]
[SourceTitle "EXT 2006"]
[Source "ChessBase"]
[SourceDate "2005.11.24"]
[SourceVersion "1"]
[SourceVersionDate "2005.11.24"]
[SourceQuality "1"]

1. d4 Nf6 2. c4 g6 3. Nc3 Bg7 4. e4 0-0 5. Nf3 d6 6. Be2 Na6 7. 0-0 c5 8. d5 e6 9. h3 exd5 10. cxd5 Re8 11. Nd2 Nc7 12. a4 b6 13. Qc2 Nfxd5 14. exd5 Bxc3 15. bxc3 Rxe2 16. c4 Bf5 17. Qc3 Qe7 18. Bb2 f6 19. Nf3 Ne8 20. Rfe1 Rxe1+ 21. Rxe1 Qf8 22. g4 Bd7 23. g5 Ng7 24. gxf6 Re8 25. fxg7 Rxe1+ 26. Nxe1 Qe7 27. Ng2 Bxa4 28. Kh2 Bd1 29. Nf4 g5 30. Ne6 g4 31. Qd2 Qf7 32. Ng5 Qf5 33. Qe3 Ba4 34. Qe6+ Qxe6 35. dxe6 Be8 36. Ne4 1-0

[Event "Maipu-San Bernardo m"]
[Site "Maipu"]
[Date "2001.10.27"]
[Round "2.4"]
[White "Romero Pino, Claudio"]
[Black "Gacitua, Jose"]
[Result "1-0"]
[WhiteElo "2250"]
[BlackElo "1999"]
[PlyCount "83"]
[EventDate "2001.10.20"]
[EventType "team"]
[EventRounds "2"]
[EventCountry "CHI"]
[SourceTitle "EXT 2006"]
[Source "ChessBase"]
[SourceDate "2005.11.24"]
[SourceVersion "1"]
[SourceVersionDate "2005.11.24"]
[SourceQuality "1"]

1. d4 Nf6 2. c4 d6 3. Nf3 c6 4. Nc3 Nbd7 5. e4 e5 6. Be2 Be7 7. 0-0 0-0 8. Qc2 a6 9. Rd1 exd4 10. Nxd4 Re8 11. Nf5 Nc5 12. Nxe7+ Qxe7 13. f3 Ne6 14. Be3 b5 15. Bf2 Bb7 16. a3 h6 17. Rd2 Red8 18. Rad1 Ne8 19. Bf1 Rac8 20. Qb1 Ba8 21. Bg3 Rd7 22. e5 Rcd8 23. cxb5 cxb5 24. exd6 Nxd6 25. Nd5 Bxd5 26. Rxd5 Nb7 27. Rxd7 Rxd7 28. Rxd7 Qxd7 29. Qe4 Qd4+ 30. Qxd4 Nxd4 31. Kf2 f6 32. Ke3 Nf5+ 33. Ke4 Nxg3+ 34. hxg3 a5 35. Kd5 b4 36. Kc6 Nd8+ 37. Kb5 bxa3 38. bxa3 Kf7 39. Kxa5 Nc6+ 40. Kb6 Nd4 41. a4 Ke7 42. a5 1-0

[Event "Maipu-San Bernardo m"]
[Site "Maipu"]
[Date "2001.10.20"]
[Round "1.1"]
[White "Romero Pino, Claudio"]
[Black "Sepulveda Herrera, Job Rodrigo"]
[Result "0-1"]
[WhiteElo "2250"]
[BlackElo "2352"]
[PlyCount "83"]
[EventDate "2001.10.20"]
[EventType "team"]
[EventRounds "2"]
[EventCountry "CHI"]
[SourceTitle "EXT 2006"]
[Source "ChessBase"]
[SourceDate "2005.11.24"]
[SourceVersion "1"]
[SourceVersionDate "2005.11.24"]
[SourceQuality "1"]

1. c4 e5 2. Nc3 d6 3. Nf3 f5 4. d3 Nf6 5. g3 g6 6. Bg2 Bg7 7. 0-0 0-0 8. Bd2 Nc6 9. a3 a5 10. Rb1 h6 11. b4 axb4 12. axb4 Kh7 13. b5 Ne7 14. h4 Ng4 15. Qc2 c6 16. bxc6 bxc6 17. Qb3 f4 18. Nh2 fxg3 19. fxg3 Rxf1+ 20. Bxf1 Nf6 21. Qb6 Qd7 22. Bg2 Ra6 23. Qb8 d5 24. cxd5 cxd5 25. Rc1 e4 26. Bf4 exd3 27. exd3 Nc6 28. Qb5 Qa7+ 29. Kh1 Nd4 30. Qb4 Nc6 31. Qd6 Ne7 32. Qd8 Bf5 33. Nxd5 Nexd5 34. Bxd5 Nxd5 35. Qxd5 Ra1 36. g4 Bc8 37. Rxa1 Qxa1+ 38. Kg2 Qb2+ 39. Kf1 Bb7 40. Qd7 Qb1+ 41. Ke2 Qb2+ 42. Ke1 0-1